=LDR 00000nam 2200000 4500 =001 INLIS000000000045518 =990 ##$$a 21422567 =990 ##$$a 21422570 =990 ##$$a 21422567 =005 20151012082608.0 =990 ##$$a 21422568 =990 ##$$a 21422567 =990 ##$$a 21422568 =006 =990 ##$$a 21422569 =990 ##$$a 21422568 =990 ##$$a 21422569 =007 =990 ##$$a 21422570 =990 ##$$a 21422570 =990 ##$$a 21422569 =008 =990 ##$$a 21422571 =990 ##$$a 21422571 =990 ##$$a 21422571 =990 ##$$a 0001/BPAP-NTB/2015 =990 ##$$a 0001/BPAP-NTB/2015 =020 ##$$a 978-979-063-360-5 =990 ##$$a 0001/BPAP-NTB/2015 =035 ##$$0010-021500000000078 =990 ##$$a 21422567 =040 ##$$a NBPDMAT =082 ##$$a 372.35 =090 ##$$a 372.35 $b Mia k =100 ##$$a Mia Yuniati =245 ##$$a Kenapa Bisa Begini Ya ? Hal-hal Unik Di Sekitarmu / $c Oleh Mia Yuniati ; Editor, Dede Abdorahman =250 ##$$a Cet. 1 =260 ##$$a Jakarta $b Bestari Kids $c 2012 =300 ##$$a 48 hlm $b ilus $c 29 cm =500 ##$$3 Bibliografi : hlm. 48 =650 ##$$a Sains =990 ##$$a 08250825 =990 ##$$a 21422567 =990 ##$$a 21422567 =990 ##$$a 21422568 =990 ##$$a 21422569 =990 ##$$a 21422570 =990 ##$$a 21422571 =990 ##$$a 0001/BPAP-NTB/2015